[Event "Oberbayern Bezirksliga 1617"]
[Site "Germany"]
[Date "2017.04.02"]
[Round "8.1"]
[White "Bocksberger, Stefan"]
[Black "Wagner, Hans1"]
[Result "0-1"]
[WhiteElo "2241"]
[BlackElo "2107"]
[PlyCount "84"]
[EventDate "2016.10.16"]
[EventType "team-tourn"]
[EventRounds "9"]
[EventCountry "GER"]
[SourceTitle "EXT 2019"]
[Source "ChessBase"]
[SourceDate "2018.10.10"]
[SourceVersion "1"]
[SourceVersionDate "2018.10.10"]
[SourceQuality "1"]
[WhiteTeam "Wolfratshausen"]
[BlackTeam "Ingolstadt"]
[WhiteTeamCountry "GER"]
[BlackTeamCountry "GER"]

1. f4 d5 2. e3 g6 3. Nf3 Bg4 4. Be2 Nd7 5. 0-0 Bg7 6. Nc3 c6 7. d3 Ngf6 8. Qe1 Qc7 9. e4 dxe4 10. dxe4 Bxf3 11. Bxf3 e5 12. f5 0-0-0 13. fxg6 hxg6 14. Be3 Bh6 15. a4 Bf4 16. g3 Bxe3+ 17. Qxe3 Qb6 18. Qxb6 axb6 19. Be2 Rh7 20. Bc4 Rdh8 21. h4 Kd8 22. Rad1 Ke7 23. Be2 Nc5 24. Bf3 Ne6 25. Rd2 g5 26. hxg5 Nxg5 27. Kf2 Rh2+ 28. Ke3 Nxf3 29. Rxf3 Ng4+ 30. Kd3 Rd8+ 31. Nd5+ cxd5 32. Rxh2 Nxh2 33. Rf5 Ke6 34. Rh5 Ng4 35. exd5+ Rxd5+ 36. Ke2 b5 37. Rh4 f5 38. axb5 Rxb5 39. b3 Rc5 40. c4 b5 41. Kd3 bxc4+ 42. bxc4 Ra5 0-1

[Event "Oberbayern Bezirksliga 1617"]
[Site "Germany"]
[Date "2016.11.20"]
[Round "2.1"]
[White "Westermeier, Arnulf"]
[Black "Bocksberger, Stefan"]
[Result "1/2-1/2"]
[WhiteElo "2129"]
[BlackElo "2241"]
[PlyCount "35"]
[EventDate "2016.10.16"]
[EventType "team-tourn"]
[EventRounds "9"]
[EventCountry "GER"]
[SourceTitle "EXT 2019"]
[Source "ChessBase"]
[SourceDate "2018.10.10"]
[SourceVersion "1"]
[SourceVersionDate "2018.10.10"]
[SourceQuality "1"]
[WhiteTeam "Traunstein/Traunreut"]
[BlackTeam "Wolfratshausen"]
[WhiteTeamCountry "GER"]
[BlackTeamCountry "GER"]

1. e4 c5 2. Nf3 d6 3. d4 cxd4 4. Nxd4 Nf6 5. Nc3 g6 6. Be3 Bg7 7. f4 0-0 8. Be2 Nc6 9. Nb3 Be6 10. g4 Na5 11. g5 Nd7 12. Bd4 Bxd4 13. Nxd4 Nc6 14. Nxe6 fxe6 15. Qd2 Qa5 16. 0-0-0 e5 17. f5 Nd4 18. Bc4+ 1/2-1/2

[Event "BL2-Sued 0304"]
[Site "Germany"]
[Date "2004.??.??"]
[Round "?.3"]
[White "Mandel, Andreas"]
[Black "Bocksberger, Stefan"]
[Result "1-0"]
[WhiteElo "2395"]
[BlackElo "2350"]
[PlyCount "99"]
[EventDate "2003.10.??"]
[EventType "team-tourn"]
[EventRounds "9"]
[EventCountry "GER"]
[SourceTitle "CBM 100 Extra"]
[Source "ChessBase"]
[SourceDate "2004.07.06"]
[SourceVersion "2"]
[SourceVersionDate "2004.07.06"]
[SourceQuality "1"]
[WhiteTeam "Viernheim"]
[BlackTeam "Pasing"]
[WhiteTeamCountry "GER"]
[BlackTeamCountry "GER"]

1. d4 f5 2. g3 Nf6 3. Bg2 e6 4. Nf3 Be7 5. 0-0 0-0 6. c4 d6 7. Nc3 a5 8. b3 Na6 9. Bb2 c6 10. e3 Rb8 11. Qe2 Kh8 12. Rad1 Qe8 13. e4 fxe4 14. Nxe4 Nxe4 15. Qxe4 Qh5 16. h3 Qf5 17. Qxf5 Rxf5 18. Rfe1 Bd7 19. Bc3 b6 20. Re3 Rbf8 21. Rd2 Kg8 22. Rde2 h6 23. Ne1 Rc8 24. h4 Rff8 25. Nd3 Bf6 26. Nf4 c5 27. dxc5 Nxc5 28. Bxf6 Rxf6 29. Rd2 b5 30. Rxd6 bxc4 31. bxc4 e5 32. Rxf6 gxf6 33. Nd5 Kf7 34. Nb6 Rb8 35. Nxd7 Nxd7 36. Bd5+ Ke7 37. Ra3 Nc5 38. Rxa5 Kd6 39. a4 Rb4 40. Rb5 Rxa4 41. Rb6+ Ke7 42. Rc6 Ra5 43. Rc7+ Kd6 44. Rf7 Nd7 45. Rh7 Ra1+ 46. Kg2 Re1 47. Rxh6 e4 48. Rh5 Nc5 49. Rf5 Ke7 50. h5 1-0

[Event "Oberliga Bayern 0203"]
[Site "Bayern"]
[Date "2003.02.23"]
[Round "7.3"]
[White "Bocksberger, Stefan"]
[Black "Seibold, Hubert"]
[Result "0-1"]
[WhiteElo "2278"]
[BlackElo "2183"]
[PlyCount "94"]
[EventDate "2002.10.20"]
[EventType "team-tourn"]
[EventRounds "9"]
[EventCountry "GER"]
[SourceTitle "EXT 2004"]
[Source "ChessBase"]
[SourceDate "2003.11.25"]
[SourceVersion "1"]
[SourceVersionDate "2003.11.25"]
[SourceQuality "1"]
[WhiteTeam "Pasing"]
[BlackTeam "Zirndorf"]
[WhiteTeamCountry "GER"]
[BlackTeamCountry "GER"]

1. c4 c5 2. Nc3 Nc6 3. Nf3 g6 4. g3 Bg7 5. Bg2 e5 6. 0-0 Nge7 7. d3 0-0 8. Rb1 d6 9. a3 a5 10. Ne1 Be6 11. Nc2 h6 12. b4 axb4 13. axb4 Rb8 14. bxc5 dxc5 15. Ne3 b6 16. Ned5 Nd4 17. Nxe7+ Qxe7 18. Bd2 Qd7 19. Re1 Rfd8 20. Rb2 Kh7 21. Qb1 Qa7 22. h4 Qc7 23. Kh2 f5 24. Bd5 Qd6 25. e3 Bxd5 26. exd4 Bf3 27. d5 g5 28. Re3 Bg4 29. hxg5 Qg6 30. Kg1 f4 31. gxf4 exf4 32. Re7 Bf3 33. Bxf4 Qh5 34. Bh2 Qxg5+ 35. Bg3 Qxe7 36. Qc1 Bxc3 37. Qxc3 Ra8 38. Rb1 Qf7 39. d4 Qh5 40. Qd3+ Kg8 41. Bh2 Qg4+ 42. Bg3 Be4 43. Qd2 Bxb1 44. Qxh6 Bg6 45. Kh2 Qh5+ 46. Qxh5 Bxh5 47. dxc5 bxc5 0-1

[Event "Bayern-chI Bank Hofmann 6th"]
[Site "Bad Wiessee"]
[Date "2002.10.29"]
[Round "4"]
[White "Bocksberger, Stefan"]
[Black "Soergel, Thomas"]
[Result "1-0"]
[WhiteElo "2315"]
[BlackElo "2095"]
[PlyCount "93"]
[EventDate "2002.10.26"]
[EventType "swiss"]
[EventRounds "9"]
[EventCountry "GER"]
[SourceTitle "EXT 2003"]
[Source "ChessBase"]
[SourceDate "2002.11.25"]
[SourceVersion "1"]
[SourceVersionDate "2002.11.25"]
[SourceQuality "1"]

1. c4 c5 2. Nc3 Nc6 3. Nf3 g6 4. g3 Bg7 5. Bg2 Nf6 6. 0-0 0-0 7. d4 cxd4 8. Nxd4 Qb6 9. Nc2 d6 10. b3 Be6 11. Rb1 Rfd8 12. e4 a6 13. Ne3 Qd4 14. Qxd4 Nxd4 15. e5 dxe5 16. Bxb7 Ra7 17. Bg2 Rc7 18. Ba3 Nf5 19. Nxf5 Bxf5 20. Rfd1 Rd3 21. Rxd3 Bxd3 22. Re1 e6 23. Bd6 Rd7 24. Bxe5 Bf5 25. c5 Nd5 26. c6 Rd8 27. Bxg7 Kxg7 28. Rd1 Rd6 29. Nxd5 exd5 30. Bxd5 Kf6 31. f4 Ke7 32. Kf2 f6 33. Ke3 Be6 34. Bf3 Rxd1 35. Bxd1 Kd6 36. Bf3 Kc5 37. Kd3 a5 38. Kc3 h6 39. a3 g5 40. b4+ axb4+ 41. axb4+ Kb5 42. fxg5 hxg5 43. h4 gxh4 44. gxh4 Kb6 45. h5 Bf5 46. h6 Bh7 47. Kd4 1-0

[Event "Bayern-chI Bank Hofmann 5th"]
[Site "Bad Wiessee"]
[Date "2001.11.04"]
[Round "9"]
[White "Doettling, Fabian"]
[Black "Bocksberger, Stefan"]
[Result "1/2-1/2"]
[WhiteElo "2520"]
[BlackElo "2277"]
[PlyCount "42"]
[EventDate "2001.10.27"]
[EventType "swiss"]
[EventRounds "9"]
[EventCountry "GER"]
[SourceTitle "EXT 2003"]
[Source "ChessBase"]
[SourceDate "2002.11.25"]
[SourceVersion "1"]
[SourceVersionDate "2002.11.25"]
[SourceQuality "1"]

1. d4 f5 2. g3 Nf6 3. Bg2 e6 4. Nf3 Be7 5. 0-0 0-0 6. c4 d6 7. Nc3 Ne4 8. Qc2 Nxc3 9. Qxc3 Bf6 10. Rd1 Qe7 11. Qc2 e5 12. dxe5 dxe5 13. e4 g6 14. Bh6 Re8 15. Be3 Nc6 16. exf5 Bxf5 17. Qb3 Qb4 18. Nd2 e4 19. h3 h5 20. Qxb4 Nxb4 21. g4 hxg4 1/2-1/2

[Event "Bayern-chI Bank Hofmann 5th"]
[Site "Bad Wiessee"]
[Date "2001.11.02"]
[Round "7"]
[White "Ewald, Alexander"]
[Black "Bocksberger, Stefan"]
[Result "0-1"]
[WhiteElo "2134"]
[BlackElo "2277"]
[PlyCount "128"]
[EventDate "2001.10.27"]
[EventType "swiss"]
[EventRounds "9"]
[EventCountry "GER"]
[SourceTitle "EXT 2003"]
[Source "ChessBase"]
[SourceDate "2002.11.25"]
[SourceVersion "1"]
[SourceVersionDate "2002.11.25"]
[SourceQuality "1"]

1. d4 f5 2. c4 Nf6 3. g3 e6 4. Bg2 Be7 5. Nh3 0-0 6. 0-0 d6 7. Nc3 c6 8. b4 e5 9. d5 cxd5 10. Nxd5 Nxd5 11. Qxd5+ Kh8 12. Bb2 Nd7 13. Qd2 Nb6 14. Rac1 Be6 15. Qd3 e4 16. Qb3 Rc8 17. Nf4 Qd7 18. Nd5 Nxc4 19. Rxc4 Bxd5 20. Qc3 Bg5 21. Rxc8 Rxc8 22. Qa3 a6 23. h4 Be7 24. Bh3 Bc4 25. Qe3 Kg8 26. f3 exf3 27. Qxf3 Be6 28. a3 Rc2 29. Bd4 Qb5 30. Re1 Qc4 31. Be3 Qc6 32. Bxf5 Qxf3 33. Bxe6+ Qf7 34. Bxf7+ Kxf7 35. Kf2 Ke6 36. Kf3 Ra2 37. Bc1 b5 38. Rd1 Rc2 39. Be3 Bf6 40. Bd4 Bxd4 41. Rxd4 Rc3+ 42. e3 d5 43. h5 Rxa3 44. Rg4 Kf7 45. Rf4+ Kg8 46. Rd4 Rb3 47. g4 h6 48. Kf4 Kf7 49. Ke5 Rxe3+ 50. Kxd5 Kf6 51. Kc5 Kg5 52. Kb6 Ra3 53. Re4 Kh4 54. Rd4 Ra4 55. Kc5 Kg3 56. Kd5 Kh4 57. Ke5 a5 58. bxa5 Rxa5 59. Kf5 b4+ 60. Kf4 Rg5 61. Kf3 Rb5 62. Kf4 b3 63. Rd1 Rb4+ 64. Kf5 b2 0-1

[Event "Bayern-chI Bank Hofmann 5th"]
[Site "Bad Wiessee"]
[Date "2001.10.30"]
[Round "4"]
[White "Bocksberger, Stefan"]
[Black "Hempel, Olaf"]
[Result "1-0"]
[WhiteElo "2277"]
[BlackElo "2130"]
[PlyCount "111"]
[EventDate "2001.10.27"]
[EventType "swiss"]
[EventRounds "9"]
[EventCountry "GER"]
[SourceTitle "EXT 2003"]
[Source "ChessBase"]
[SourceDate "2002.11.25"]
[SourceVersion "1"]
[SourceVersionDate "2002.11.25"]
[SourceQuality "1"]

1. c4 e5 2. g3 Nf6 3. Bg2 Nc6 4. Nf3 Bc5 5. 0-0 d6 6. Nc3 0-0 7. d3 h6 8. a3 a5 9. Rb1 Be6 10. Nd2 Qd7 11. Nde4 Nxe4 12. Nxe4 Ba7 13. b4 axb4 14. axb4 Bh3 15. Nc3 Bxg2 16. Kxg2 Ne7 17. Qb3 Kh8 18. b5 Qg4 19. h3 Qe6 20. Ra1 Bd4 21. Bb2 f6 22. Ra2 Bxc3 23. Bxc3 e4 24. Rfa1 Rxa2 25. Rxa2 exd3 26. exd3 Qf5 27. Qd1 Ng6 28. Ra7 Rb8 29. Qf3 Qxf3+ 30. Kxf3 Ne5+ 31. Bxe5 dxe5 32. Ke4 Kg8 33. g4 Kf7 34. f4 exf4 35. Kxf4 Ke6 36. d4 g6 37. Ke4 Kd7 38. Kd5 b6 39. Ra3 h5 40. gxh5 gxh5 41. Rg3 Re8 42. Rg7+ Kc8 43. Rh7 Kb7 44. Rxh5 Rd8+ 45. Ke4 Rd7 46. Rh4 c6 47. bxc6+ Kxc6 48. Kf5 Rd6 49. Rf4 b5 50. cxb5+ Kxb5 51. h4 Kc4 52. Kg6 Kd3 53. h5 Ke3 54. Rxf6 Rxd4 55. h6 Rg4+ 56. Kf7 1-0

[Event "Bayern-chI Bank Hofmann 5th"]
[Site "Bad Wiessee"]
[Date "2001.10.27"]
[Round "1"]
[White "Bieringer, Konrad"]
[Black "Bocksberger, Stefan"]
[Result "0-1"]
[WhiteElo "2014"]
[BlackElo "2277"]
[PlyCount "76"]
[EventDate "2001.10.27"]
[EventType "swiss"]
[EventRounds "9"]
[EventCountry "GER"]
[SourceTitle "EXT 2003"]
[Source "ChessBase"]
[SourceDate "2002.11.25"]
[SourceVersion "1"]
[SourceVersionDate "2002.11.25"]
[SourceQuality "1"]

1. d4 f5 2. c4 Nf6 3. Nc3 e6 4. Nf3 Be7 5. Bg5 0-0 6. e3 d6 7. Bd3 Nc6 8. a3 e5 9. dxe5 dxe5 10. Bxf6 Bxf6 11. e4 f4 12. Qd2 Bg4 13. Ne2 Qe8 14. 0-0-0 Bxf3 15. gxf3 Qh5 16. Qc3 Qxf3 17. Rhf1 Rad8 18. c5 Kh8 19. Ng1 Qg2 20. f3 Qxh2 21. Rd2 Qh5 22. Rg2 Qf7 23. Bc4 Qe7 24. Bd5 Nd4 25. Ne2 c6 26. Ba2 Nb5 27. Qc2 b6 28. cxb6 axb6 29. Kb1 Rd6 30. Rh1 h6 31. Rgh2 Bg5 32. Ng1 Rfd8 33. Nh3 Bh4 34. Nxf4 Bg3 35. Ng6+ Rxg6 36. Rg2 Nd4 37. Qa4 Rg5 38. Rd1 Bf4 0-1

[Event "Oberliga Bayern 0102"]
[Site "Bayern"]
[Date "2001.10.07"]
[Round "1.3"]
[White "Bocksberger, Stefan"]
[Black "Werner, Claus"]
[Result "0-1"]
[WhiteElo "2215"]
[BlackElo "2175"]
[PlyCount "88"]
[EventDate "2001.10.07"]
[EventType "team-tourn"]
[EventRounds "9"]
[EventCountry "GER"]
[SourceTitle "EXT 2003"]
[Source "ChessBase"]
[SourceDate "2002.11.25"]
[SourceVersion "1"]
[SourceVersionDate "2002.11.25"]
[SourceQuality "1"]
[WhiteTeam "Pasing"]
[BlackTeam "Neutraubling"]
[WhiteTeamCountry "GER"]
[BlackTeamCountry "GER"]

1. c4 Nf6 2. Nc3 g6 3. e4 d6 4. d4 Bg7 5. f3 0-0 6. Be3 Nc6 7. Qd2 a6 8. h4 h5 9. Nge2 Rb8 10. 0-0-0 b5 11. Nd5 bxc4 12. Bh6 Nxd5 13. exd5 Nb4 14. Nc3 c6 15. dxc6 d5 16. g4 Qa5 17. a3 Nxc6 18. Bxg7 Kxg7 19. Qg5 Rb3 20. Qe3 e5 21. dxe5 d4 22. Rxd4 Nxd4 23. Qxd4 Rd8 24. Qe3 Be6 25. Rh2 Rd5 26. f4 Bxg4 27. Bxc4 Rxc3+ 28. Qxc3 Rd1+ 29. Kc2 Qa4+ 30. Qb3 Qd7 31. Qe3 Bf5+ 32. Kc3 Qc6 33. b3 Rd3+ 34. Qxd3 Bxd3 35. Kxd3 Qf3+ 36. Kc2 Qxf4 37. Re2 a5 38. a4 Qxh4 39. Kc3 Qg3+ 40. Kd4 h4 41. Kc5 h3 42. Bd5 Qd3 43. Bc4 Qc3 44. Kb6 g5 0-1

[Event "Regionalliga SW 0001"]
[Site "Bayern"]
[Date "2001.04.01"]
[Round "8"]
[White "Muench, Klaus Norbert"]
[Black "Bocksberger, Stefan"]
[Result "1/2-1/2"]
[WhiteElo "2000"]
[BlackElo "2230"]
[PlyCount "54"]
[EventDate "2000.10.15"]
[EventType "team-tourn"]
[EventRounds "9"]
[EventCountry "GER"]
[SourceTitle "EXT 2020"]
[Source "ChessBase"]
[SourceDate "2019.10.17"]
[SourceVersion "1"]
[SourceVersionDate "2019.10.17"]
[SourceQuality "1"]
[WhiteTeam "Augsburg SG 1873"]
[BlackTeam "Pasing II"]
[WhiteTeamCountry "GER"]
[BlackTeamCountry "GER"]

1. Nf3 f5 2. d4 Nf6 3. g3 e6 4. Bg2 Be7 5. 0-0 0-0 6. c4 d6 7. Nc3 Qe8 8. Bg5 h6 9. Bxf6 Bxf6 10. e4 fxe4 11. Nxe4 e5 12. Nxf6+ gxf6 13. dxe5 dxe5 14. Nh4 Nc6 15. f4 Be6 16. fxe5 fxe5 17. Rxf8+ Qxf8 18. Qh5 Bf7 19. Qg4+ Kh8 20. Ng6+ Bxg6 21. Qxg6 Qd6 22. Qxd6 cxd6 23. Rf1 Kg7 24. Bd5 Nd8 25. Rf3 Rc8 26. a4 Rc7 27. g4 Nc6 1/2-1/2

[Event "BL2-Sued 0001"]
[Site "Germany"]
[Date "2000.10.15"]
[Round "1.6"]
[White "Bocksberger, Stefan"]
[Black "Bronznik, Valerij"]
[Result "0-1"]
[WhiteElo "2290"]
[BlackElo "2402"]
[PlyCount "74"]
[EventDate "2000.10.15"]
[EventType "team-tourn"]
[EventRounds "9"]
[EventCountry "GER"]
[SourceTitle "CBM 082 Extra"]
[Source "ChessBase"]
[SourceDate "2001.07.03"]
[SourceVersion "1"]
[SourceVersionDate "2001.07.03"]
[SourceQuality "1"]
[WhiteTeam "Pasing"]
[BlackTeam "Stuttgart"]
[WhiteTeamCountry "GER"]
[BlackTeamCountry "GER"]

1. c4 b6 2. Nf3 Bb7 3. e3 e6 4. Be2 f5 5. 0-0 Nf6 6. d4 Be7 7. a3 Ne4 8. Ne5 0-0 9. Nd2 d6 10. Nd3 e5 11. d5 Nf6 12. b3 a5 13. a4 Nbd7 14. Ba3 c6 15. dxc6 Bxc6 16. Rc1 Qe8 17. Ne1 Nc5 18. Nb1 Rd8 19. Nc3 Qf7 20. Qc2 Nfe4 21. Nxe4 Nxe4 22. Nd3 Kh8 23. Bf3 Qe6 24. Nb2 g5 25. g3 g4 26. Bg2 Ba8 27. Nd3 Ng5 28. Bxa8 Rxa8 29. Ne1 Qh6 30. Kh1 Rf6 31. Qe2 Qh3 32. Rg1 Rh6 33. Rg2 e4 34. Bb2+ Kg8 35. Qd1 Rf8 36. Qd5+ Rf7 37. Qa8+ Bf8 0-1

[Event "BL2-Sued 9900"]
[Site "Germany"]
[Date "2000.01.30"]
[Round "5.5"]
[White "Bach, Edwin"]
[Black "Bocksberger, Stefan"]
[Result "0-1"]
[WhiteElo "2286"]
[BlackElo "2294"]
[PlyCount "60"]
[EventDate "1999.10.10"]
[EventType "team-tourn"]
[EventRounds "9"]
[EventCountry "GER"]
[SourceTitle "CBM 074 Extra"]
[Source "ChessBase"]
[SourceDate "2000.03.10"]
[SourceVersion "2"]
[SourceVersionDate "2000.03.10"]
[SourceQuality "1"]
[WhiteTeam "Karlsruhe"]
[BlackTeam "Pasing"]
[WhiteTeamCountry "GER"]
[BlackTeamCountry "GER"]

1. e4 e6 2. d4 d5 3. Nd2 dxe4 4. Nxe4 Nf6 5. Nxf6+ Qxf6 6. Nf3 h6 7. Bd3 Bd6 8. 0-0 Nc6 9. c3 0-0 10. Qe2 e5 11. Qe4 g6 12. dxe5 Nxe5 13. Nxe5 Bxe5 14. Bxh6 Bf5 15. Qe3 Rfe8 16. f4 Bxc3 17. Qg3 Bxb2 18. Rad1 Re3 19. Rf3 Rxf3 20. Qxf3 Rd8 21. Bg5 Qb6+ 22. Kh1 Rxd3 23. Rxd3 Bxd3 24. Qxd3 Bf6 25. h4 Qd4 26. Qb3 b6 27. Qf3 Kg7 28. Qg4 c5 29. h5 Bxg5 30. Qxg5 Qd1+ 0-1

[Event "Oberliga Bayern 9899"]
[Site "Bayern"]
[Date "1999.05.30"]
[Round "9.3"]
[White "Bocksberger, Stefan"]
[Black "Straub, Juergen"]
[Result "0-1"]
[WhiteElo "2300"]
[BlackElo "2190"]
[PlyCount "70"]
[EventDate "1998.10.11"]
[EventType "team-tourn"]
[EventRounds "9"]
[EventCountry "GER"]
[SourceTitle "EXT 2020"]
[Source "ChessBase"]
[SourceDate "2019.10.17"]
[SourceVersion "1"]
[SourceVersionDate "2019.10.17"]
[SourceQuality "1"]
[WhiteTeam "Pasing"]
[BlackTeam "Ingolstadt"]
[WhiteTeamCountry "GER"]
[BlackTeamCountry "GER"]

1. c4 e5 2. Nc3 Nc6 3. g3 g6 4. Bg2 Bg7 5. Nf3 f5 6. d3 Nf6 7. 0-0 d6 8. Rb1 Rb8 9. b4 a6 10. a4 a5 11. b5 Nb4 12. Ba3 c5 13. bxc6 bxc6 14. c5 0-0 15. Bxb4 axb4 16. Na2 dxc5 17. Nxe5 Be6 18. Nxc6 Qd6 19. Nxb8 Bxa2 20. Nc6 Nd5 21. Ra1 Bxa1 22. Qxa1 Nc3 23. Re1 f4 24. a5 f3 25. Bxf3 Rxf3 26. exf3 Qxc6 27. Qc1 Qxf3 28. Qg5 Ne2+ 29. Kf1 Qxd3 30. Qxc5 Nf4+ 31. Kg1 Nh3+ 32. Kg2 Bd5+ 33. Kxh3 Qf5+ 34. g4 Bg2+ 35. Kxg2 Qxc5 0-1

[Event "Oberliga Bayern 9899"]
[Site "Bayern"]
[Date "1999.05.09"]
[Round "8.2"]
[White "Bocksberger, Stefan"]
[Black "Effmert, Thomas"]
[Result "1-0"]
[WhiteElo "2235"]
[BlackElo "2250"]
[PlyCount "65"]
[EventDate "1998.10.11"]
[EventType "team-tourn"]
[EventRounds "9"]
[EventCountry "GER"]
[SourceTitle "EXT 2020"]
[Source "ChessBase"]
[SourceDate "2019.10.17"]
[SourceVersion "1"]
[SourceVersionDate "2019.10.17"]
[SourceQuality "1"]
[WhiteTeam "Pasing"]
[BlackTeam "Erlangen TB"]
[WhiteTeamCountry "GER"]
[BlackTeamCountry "GER"]

1. c4 g6 2. Nc3 Bg7 3. d4 Nf6 4. e4 d6 5. f3 c6 6. Be3 Qc7 7. Qd2 h5 8. Bd3 Nbd7 9. Nge2 Nf8 10. h3 Bd7 11. f4 h4 12. b4 Bh6 13. d5 Nh5 14. 0-0 Rg8 15. c5 Nh7 16. cxd6 exd6 17. dxc6 bxc6 18. b5 g5 19. bxc6 Bxh3 20. Nd5 Qc8 21. f5 Kf8 22. gxh3 Nf4 23. Kh2 Qxc6 24. Rac1 Qa4 25. Nexf4 gxf4 26. Bxf4 Bxf4+ 27. Qxf4 Rg3 28. Qh6+ Kg8 29. Qxh4 Rg7 30. Rg1 Qxa2+ 31. Rc2 Rxg1 32. Rxa2 Ng5 33. Rg2 1-0

[Event "Bad Woerishofen op 15th"]
[Site "Bad Woerishofen"]
[Date "1999.??.??"]
[Round "8"]
[White "Bocksberger, Stefan"]
[Black "Domanski, Markus"]
[Result "1-0"]
[WhiteElo "2300"]
[BlackElo "2140"]
[PlyCount "120"]
[EventDate "1999.03.05"]
[EventType "swiss"]
[EventRounds "9"]
[EventCountry "GER"]
[SourceTitle "EXT 2002"]
[Source "ChessBase"]
[SourceDate "2001.11.25"]
[SourceVersion "1"]
[SourceVersionDate "2001.11.25"]
[SourceQuality "1"]

1. c4 c5 2. Nf3 Nc6 3. g3 g6 4. Nc3 Bg7 5. Bg2 e6 6. d3 Nge7 7. 0-0 0-0 8. Rb1 d5 9. Bg5 h6 10. Bf4 e5 11. cxd5 exf4 12. dxc6 Nxc6 13. gxf4 Nd4 14. Ne4 Nxf3+ 15. Bxf3 Qh4 16. Kh1 Qxf4 17. Qc1 Qh4 18. Qxc5 Bh3 19. Rg1 Rac8 20. Qd5 Rcd8 21. Qxb7 Be5 22. Ng3 Rd4 23. Qb5 Bb8 24. Rbc1 Rb4 25. Rc4 Rxb5 26. Rxh4 Be6 27. b4 Bxa2 28. Bc6 Rb6 29. Ra1 Rxc6 30. Rxa2 Rc1+ 31. Kg2 Rb1 32. Rc4 Bd6 33. Ne4 Bxb4 34. Rxa7 Be1 35. Rcc7 Rb6 36. Rab7 Re6 37. Re7 Rxe7 38. Rxe7 Bb4 39. Rb7 Ba3 40. Kf3 Rd8 41. Ke3 Bc1+ 42. Kf3 Ba3 43. Nd2 Bc1 44. Nc4 Bg5 45. Nb6 Rd6 46. Nc4 Rd8 47. Ne5 Rf8 48. Ke4 Bf6 49. f4 g5 50. Nd7 Re8+ 51. Kf5 Bd4 52. Rb4 Bc3 53. Rb8 Rxb8 54. Nxb8 gxf4 55. Kxf4 Bb4 56. Ke5 Ba5 57. Na6 Kg7 58. Kf5 Bb6 59. h3 Kf8 60. Nb4 Bc5 1-0

[Event "Bad Woerishofen op 15th"]
[Site "Bad Woerishofen"]
[Date "1999.??.??"]
[Round "5"]
[White "Popitz, Andreas"]
[Black "Bocksberger, Stefan"]
[Result "0-1"]
[WhiteElo "2171"]
[BlackElo "2300"]
[PlyCount "72"]
[EventDate "1999.03.05"]
[EventType "swiss"]
[EventRounds "9"]
[EventCountry "GER"]
[SourceTitle "EXT 2002"]
[Source "ChessBase"]
[SourceDate "2001.11.25"]
[SourceVersion "1"]
[SourceVersionDate "2001.11.25"]
[SourceQuality "1"]

1. d4 f5 2. Nf3 Nf6 3. g3 e6 4. Bg2 Be7 5. 0-0 0-0 6. Bg5 d6 7. Nbd2 Nc6 8. c3 Kh8 9. Nc4 Qe8 10. b4 h6 11. Bc1 Nd8 12. a4 a6 13. Ncd2 Bd7 14. Bb2 Qh5 15. Re1 Bc6 16. c4 Nf7 17. b5 Be4 18. Nf1 b6 19. N3d2 Bxg2 20. Kxg2 d5 21. e3 Qxd1 22. Rexd1 axb5 23. axb5 Bb4 24. Rdc1 Nd6 25. cxd5 Nxd5 26. Nc4 Rxa1 27. Bxa1 Nxb5 28. f3 Ra8 29. e4 Ra2+ 30. Kh3 fxe4 31. fxe4 Nf6 32. d5 Nxe4 33. dxe6 Nf2+ 34. Kh4 Be7+ 35. Kh5 Kh7 36. Ne5 Re2 0-1

[Event "Bad Woerishofen op 14th"]
[Site "Bad Woerishofen"]
[Date "1998.??.??"]
[Round "5"]
[White "Bocksberger, Stefan"]
[Black "Timoscenko, Gennadij A"]
[Result "0-1"]
[WhiteElo "2305"]
[BlackElo "2520"]
[PlyCount "90"]
[EventDate "1998.03.06"]
[EventType "swiss"]
[EventRounds "9"]
[EventCountry "GER"]
[SourceTitle "CBM 063 Extra"]
[Source "ChessBase"]
[SourceDate "1998.04.29"]
[SourceVersion "1"]
[SourceVersionDate "1998.04.29"]
[SourceQuality "1"]

1. f4 d5 2. b3 Nf6 3. Bb2 g6 4. Nf3 Bg7 5. e3 0-0 6. Be2 b6 7. 0-0 Bb7 8. Qe1 c5 9. Qh4 e6 10. Ne5 Nfd7 11. Qxd8 Rxd8 12. Na3 a6 13. Rab1 Nxe5 14. fxe5 b5 15. Rbe1 d4 16. exd4 cxd4 17. Bf3 Bxf3 18. gxf3 Nc6 19. f4 Bf8 20. d3 Nb4 21. Ra1 Rac8 22. Rf2 Rc6 23. Kg2 Nd5 24. Kf3 Rdc8 25. Rc1 Nb4 26. Ra1 Nd5 27. Rc1 Bc5 28. Ra1 Bxa3 29. Bxa3 Rxc2 30. Rxc2 Rxc2 31. Rc1 Rxc1 32. Bxc1 Nc3 33. a3 f5 34. b4 Kf7 35. Bd2 Nb1 36. Bc1 Ke7 37. h4 Kd7 38. h5 gxh5 39. Kg3 Kc6 40. Kh4 Nc3 41. Kxh5 Nd1 42. Kh6 Nf2 43. Kxh7 Nxd3 44. Bd2 Nb2 45. Kg6 Nc4 0-1

[Event "Oberliga Bayern 9798"]
[Site "Bayern"]
[Date "1998.??.??"]
[Round "?.3"]
[White "Bredl, Harald"]
[Black "Bocksberger, Stefan"]
[Result "1-0"]
[WhiteElo "2240"]
[BlackElo "2260"]
[PlyCount "67"]
[EventDate "1997.10.??"]
[EventType "team-tourn"]
[EventRounds "9"]
[EventCountry "GER"]
[SourceTitle "EXT 2020"]
[Source "ChessBase"]
[SourceDate "2019.10.17"]
[SourceVersion "1"]
[SourceVersionDate "2019.10.17"]
[SourceQuality "1"]
[WhiteTeam "Milbertshofen (SG Schwabing)"]
[BlackTeam "Pasing"]
[WhiteTeamCountry "GER"]
[BlackTeamCountry "GER"]

1. d4 f5 2. e4 fxe4 3. Nc3 Nf6 4. Bg5 Nc6 5. d5 Ne5 6. Qd4 Nf7 7. Bxf6 exf6 8. 0-0-0 Be7 9. Qxe4 0-0 10. f4 g6 11. Re1 Re8 12. Nf3 f5 13. Qe3 Kf8 14. Bc4 a6 15. h4 b5 16. Bb3 Bf6 17. Qf2 Rxe1+ 18. Rxe1 Nd6 19. h5 b4 20. Nd1 a5 21. Ba4 Ne4 22. Qe3 Bb7 23. hxg6 hxg6 24. Ne5 Kg7 25. g4 Bxe5 26. fxe5 Qg5 27. gxf5 Bxd5 28. Bxd7 c6 29. Qxg5 Nxg5 30. Rg1 Kh6 31. Ne3 Rg8 32. e6 Rb8 33. Nxd5 cxd5 34. e7 1-0

[Event "Oberliga Bayern 9798"]
[Site "Bayern"]
[Date "1998.??.??"]
[Round "?.3"]
[White "Dalinger, Valeri"]
[Black "Bocksberger, Stefan"]
[Result "0-1"]
[WhiteElo "2195"]
[BlackElo "2260"]
[PlyCount "68"]
[EventDate "1997.10.??"]
[EventType "team-tourn"]
[EventRounds "9"]
[EventCountry "GER"]
[SourceTitle "EXT 2020"]
[Source "ChessBase"]
[SourceDate "2019.10.17"]
[SourceVersion "1"]
[SourceVersionDate "2019.10.17"]
[SourceQuality "1"]
[WhiteTeam "Bindlach"]
[BlackTeam "Pasing"]
[WhiteTeamCountry "GER"]
[BlackTeamCountry "GER"]

1. Nf3 f5 2. g3 Nf6 3. Bg2 e6 4. 0-0 Be7 5. c4 0-0 6. d4 d6 7. Nc3 Qe8 8. d5 e5 9. Ng5 Na6 10. e4 Nc5 11. b4 Ncxe4 12. Ncxe4 fxe4 13. Nxe4 Qg6 14. Nxf6+ Bxf6 15. Be3 e4 16. Rc1 Bg4 17. Qc2 Rae8 18. c5 h5 19. cxd6 cxd6 20. Bxa7 Bf5 21. Qd2 h4 22. Rfe1 Bg4 23. Bd4 Bf3 24. Rc3 Bxg2 25. Kxg2 e3 26. Rexe3 h3+ 27. Kf1 Bxd4 28. Qxd4 Qb1+ 29. Ke2 Qxa2+ 30. Kd3 Qb1+ 31. Ke2 Ra8 32. f4 Qh1 33. Qe4 Ra2+ 34. Kd3 Qd1+ 0-1